000 00824nam a2200253 i 4500
001 bgj
100 1 _aEDGE, Julian.
245 1 0 _aMistakes and correction /
_cJulian Edge.
250 _a[2nd impr.].
260 _aLondon ;
_aNew York :
_bLongman,
_c1990.
300 _aVIII, 70 pp :
_bdrawings ;
_c22 cm.
490 1 _aLongman Keys to Language Teaching / [edited by] Neville Grant
504 _aBibliography p. 70.
650 9 _aEnglish language
_xStudy and teaching
_xForeign speakers
650 9 _aEnglish language
_xErrors of usage
700 1 _aGRANT, Neville.
_eeditor
830 0 _aLongman Keys to Language Teaching ([edited by] Neville Grant)
020 _a0582746264 (pbk)
040 _cBPK
041 0 _aeng
920 _a0-582-74626-4 (pbk)
942 _cKS
008 s uk f |000 0 eng
999 _c47754
_d47754
856 _uhttp://koha.tu.koszalin.pl/cgi-bin/koha/opac-detail.pl?biblionumber=47754
_yKatalog online BPK